000
00341 a2200157 4500
001
159400
020
_a
040
_c
Magnum
100
_a
Abril
240
1
0
_a
Revista recreio : mes de fevereiro
_l
por
245
1
0
_a
Revista recreio : mes de fevereiro
362
0
_a
1899
440
1
_a
Abril
697
_a
MAGNITO: J/GERAL
942
_c
BK
999
_c
159400
_d
159400